000 00693nam a2200289Ia 4500
005 20260324113122.0
008 008 260324s9999 xx 000 0 eng d
020 _a9781003384359
037 _aEBOOK
040 _aCRL
040 _beng
040 _cCRL
041 _2eng
041 _aeng
084 _qCRL
100 _aRobin Truth Goodman
_91119686
245 0 _aCinema and the Political Imagination
245 0 _bThird Cinema and Its After-Image
260 _bTaylor and Francis
260 _c2024
365 _a
365 _b220
856 _uhttp://www.taylorfrancis.com/books/9781003384359
942 _cEBOOK
999 _c1734975
_d1734975